| 000 | 00837nam a2200265Ia 4500 | ||
|---|---|---|---|
| 003 | OSt | ||
| 005 | 20220918171034.0 | ||
| 006 | a|||||r|||| 00| 0 | ||
| 007 | ta | ||
| 008 | 220917b |||||||| |||| 00| 0 eng d | ||
| 020 |
_a9781138106895 (hbk) _cINR 895.00 |
||
| 024 | _a348,122 | ||
| 037 |
_b012, 16/01/2019, Classic Book Service _cTextual |
||
| 040 |
_aARTS _cARTS _beng |
||
| 041 |
_2eng _aeng |
||
| 082 | _aQ4, Q8 | ||
| 100 |
_aRay Himanshu Prabha Ed. _925610 |
||
| 245 | 0 |
_aBuddhism and gandhara _b archaeology of museum collections |
|
| 260 |
_aLondon _bRoutledge UK _c2018 |
||
| 300 |
_axviii,264p. _ccm. |
||
| 490 | _aArchaeology and religion in South Asia | ||
| 650 | _aBUDDHISM | ||
| 942 |
_hQ4, Q8 _cTEXL _2CC |
||
| 999 |
_c137472 _d137472 |
||